02730nkc a2200373za 450000100060000000300040000600500170001000700070002700800410003404000240007510000410009924500460014026000240018630001000021050003490031050001930065950000650085250001340091750001700105150400520122150500460127351001510131951002100147056101300168061000830181065100260189365500400191970000600195985200120201985601500203194200250218195201330220699900170233984629OSt20260323114448.0kh boc250410s19101911sp ||||| ||||||0| i|spa d aM-RABAbspacM-RABA1 aElorza, Lorenzod(1861-1931)911106810aLopidanab: Ventana del ábsidec/ L. E. c[ca. 1910 – 1911] a1 fotografía b: gelatina de plata c; imagen 12 x 17 cmc; soporte secundario 21,5 x 26,5 cm aVista de la ventana de la cabecera de la iglesia parroquial de la Purificación de Nuestra Señora en Lopidana. El ventanal, de gran derrame, presenta tres arquivoltas muy apuntadas, formadas por varios baquetones. La segunda de ellas, con una estrella en su clave. Se apea en seis columnas con capiteles decorados con relieves zoomórficos. aFotografía montada sobre soporte secundario de cartulina azul enmarcada con orla en relieve. Título y numeración manuscrita que hace referencia a la posición en la serie “113”. aSello con monograma del fotógrafo en tinta roja “L.E.” aFechas tomadas de la ejecución del positivo de las fotografías, incluido el soporte secundario. (Soto Madrazo, Javier. 2008). aForma parte de un conjunto de 167 fotografías empleadas por Federico Baráibar Zumárraga para la elaboración del Inventario del Románico en Álava (1911).  aBaraibar, F.: "Rincones artísticos", M. 1914. aLopidana.- Ventanas del ábside. / L. E. aDescripción tomada de: Soto Madrazo, Javier (2008). Federico Baraibar y el Inventario del Románico en Álava: una caja con 167 fotografías. aEsta colección fue utilizada posteriormente por Cristóbal de Castro para la elaboración y publicación del "Catálogo Monumental de España: provincia de Álava", Madrid, S. de Rivadeneira, 1915. aDonadas junto con la memoria manuscrita a la Academia por el mismo Baraibar (Sesión 12 de febrero de 1912, Archivo: 4-32-1)27aIglesia parroquial de la Purificación de Nuestra Señora (Lopidana)9111635 7aÁlava2embne975661 0aFotografías de monumentos91115801 aBaráibar y Zumárraga, Federico d(1851-1918)912926 jFot-222 3Fot-222uhttps://archivoybiblioteca.realacademiabellasartessanfernando.com/cgi-bin/koha/opac-retrieve-file.pl?id=450ab19a623c8a9e3b2627b49f9633db 2ddccFOTOGRAFÍAn0 00102ddc40708FOTOGRAFIAaRABASFbRABASFcDP2d2025-04-30l0oFot-222p1095515r2025-04-30 09:53:55w2025-04-30yFOTOGRAFÍA c84629d84629